| 000 | 01121pam a2200349 a 4500 | ||
|---|---|---|---|
| 001 | 8529 | ||
| 003 | FISKH | ||
| 005 | 20250918094900.0 | ||
| 008 | 890317s1989 wiua j 001 0 eng | ||
| 010 | _a 89004460 | ||
| 020 |
_a0836801113 _qlib. bdg. |
||
| 020 |
_a9780836801118 _q(lib. bdg.) |
||
| 040 |
_aDLC _cDLC _dDLC _beng |
||
| 050 | 0 | 0 |
_aQL568.F7 _bL67 1989 |
| 082 | 0 | 0 |
_a595.79/6 _220 |
| 100 | 1 | _aLosito, Linda. | |
| 245 | 1 | 4 |
_aThe ant on the ground / _ctext by Linda Losito ; photographs by Oxford Scientific Films. |
| 250 | _aNorth American ed. | ||
| 260 |
_aMilwaukee : _bGareth Stevens , _c1989. |
||
| 300 |
_a32 pages : _bcolor illustrations ; _c25 cm |
||
| 440 | 0 | _aAnimal habitats | |
| 500 | _aIncludes index. | ||
| 505 | _aP | ||
| 520 | _aText and photographs depict ants in their natural habitats, illustrating how they feed, defend themselves, and breed. | ||
| 521 | 8 |
_a600
_bLexile estimate |
|
| 521 | 8 |
_aP
_bRaz-Plus |
|
| 650 | 0 |
_aAnts _xJuvenile literature. |
|
| 650 | 1 | _aAnts. | |
| 906 |
_a7 _bcbc _corignew _d1 _eocip _f19 _gy-gencatlg |
||
| 942 |
_2ddc _cBK _n0 |
||
| 999 |
_c8529 _d8529 |
||